[Event "Russiablitzwomen"]
[Site "?"]
[Date "2016.10.04"]
[Round "8.3"]
[White "Charochkina, Daria"]
[Black "Ambartsumova, Karina"]
[Result "1-0"]
[LiveChessVersion "1.4.4"]
[BlackElo "2293"]
[WhiteElo "2333"]

1. Nf3 {[%clk 0:03:03]} d5 {[%clk 0:02:59]} 2. d4 {[%clk 0:02:59]} Nf6
{[%clk 0:03:00]} 3. c4 {[%clk 0:03:01]} e6 {[%clk 0:03:01]} 4. Nc3
{[%clk 0:03:02]} Bb4 {[%clk 0:02:53]} 5. cxd5 {[%clk 0:03:00]} exd5
{[%clk 0:02:54]} 6. Bg5 {[%clk 0:03:01]} Nbd7 {[%clk 0:02:53]} 7. e3
{[%clk 0:03:01]} h6 {[%clk 0:02:53]} 8. Bh4 {[%clk 0:03:02]} g5 {[%clk 0:02:53]}
9. Bg3 {[%clk 0:03:03]} Ne4 {[%clk 0:02:55]} 10. Rc1 {[%clk 0:03:04]} h5
{[%clk 0:02:40]} 11. h4 {[%clk 0:02:50]} Nxg3 12. fxg3 {[%clk 0:02:51]} gxh4
{[%clk 0:02:29]} 13. gxh4 {[%clk 0:02:42]} Qe7 {[%clk 0:02:23]} 14. Qd3
{[%clk 0:02:32]} c6 {[%clk 0:02:18]} 15. Be2 {[%clk 0:02:22]} Nf6
{[%clk 0:02:10]} 16. a3 {[%clk 0:02:11]} Bd6 {[%clk 0:02:09]} 17. Ng5
{[%clk 0:01:42]} Bg4 {[%clk 0:01:45]} 18. Kd2 {[%clk 0:01:39]} O-O-O
{[%clk 0:01:29]} 19. Rcf1 {[%clk 0:01:40]} Bxe2 {[%clk 0:01:19]} 20. Nxe2
{[%clk 0:01:20]} Kb8 {[%clk 0:01:09]} 21. Kc1 {[%clk 0:01:18]} Ng4
{[%clk 0:01:08]} 22. Nxf7 {[%clk 0:01:04]} Rhf8 {[%clk 0:00:38]} 23. Nxd8
{[%clk 0:00:59]} Nf2 {[%clk 0:00:39]} 24. Rxf2 {[%clk 0:00:39]} Rxf2
{[%clk 0:00:39]} 25. Nxc6+ {[%clk 0:00:37]} bxc6 {[%clk 0:00:40]} 26. Rd1
{[%clk 0:00:35]} Rxg2 {[%clk 0:00:38]} 27. Nc3 {[%clk 0:00:34]} Rg3
{[%clk 0:00:28]} 28. Re1 {[%clk 0:00:27]} Qxh4 {[%clk 0:00:29]} 29. Qf5
{[%clk 0:00:20]} Rg5 {[%clk 0:00:19]} 30. Qf1 {[%clk 0:00:21]} Rf5
{[%clk 0:00:17]} 31. Qxf5 {[%clk 0:00:17]} Qxe1+ {[%clk 0:00:18]} 32. Kc2
{[%clk 0:00:18]} Qxe3 {[%clk 0:00:16]} 33. Qd7 {[%clk 0:00:19]} Bc7
{[%clk 0:00:11]} 34. Qxc6 {[%clk 0:00:19]} Qxd4 {[%clk 0:00:11]} 35. Qxc7+
{[%clk 0:00:17]} Kxc7 {[%clk 0:00:12]} 36. Nb5+ {[%clk 0:00:19]} Kd6
{[%clk 0:00:14]} 1-0

[Event "Russiablitzwomen"]
[Site "?"]
[Date "2016.10.04"]
[Round "8.9"]
[White "Vasilevich, Tatjana"]
[Black "Nebolsina, Vera"]
[Result "0-1"]
[LiveChessVersion "1.4.4"]
[BlackElo "2226"]
[WhiteElo "2345"]

1. d4 {[%clk 0:03:04]} f5 {[%clk 0:03:03]} 2. g3 {[%clk 0:03:05]} Nf6
{[%clk 0:03:02]} 3. Bg2 {[%clk 0:03:06]} g6 {[%clk 0:03:02]} 4. Nh3
{[%clk 0:03:07]} Bg7 {[%clk 0:03:01]} 5. Nf4 {[%clk 0:03:09]} Nc6
{[%clk 0:03:01]} 6. h4 {[%clk 0:03:09]} e5 {[%clk 0:02:58]} 7. dxe5
{[%clk 0:03:09]} Nxe5 {[%clk 0:02:59]} 8. h5 {[%clk 0:03:08]} d6 {[%clk 0:01:50]}
9. h6 {[%clk 0:02:55]} Bf8 {[%clk 0:01:51]} 10. b3 {[%clk 0:02:54]} Nf7
{[%clk 0:01:32]} 11. Bb2 {[%clk 0:02:48]} Bxh6 {[%clk 0:01:22]} 12. Nc3
{[%clk 0:01:59]} Bg7 {[%clk 0:01:13]} 13. Qd2 {[%clk 0:01:47]} Ne4
{[%clk 0:00:55]} 14. Qe3 {[%clk 0:01:34]} O-O {[%clk 0:00:56]} 15. Bxe4
{[%clk 0:01:32]} fxe4 {[%clk 0:00:57]} 16. Qxe4 {[%clk 0:01:27]} Bf5
{[%clk 0:00:56]} 17. Qg2 {[%clk 0:01:27]} c6 {[%clk 0:00:52]} 18. e4
{[%clk 0:01:17]} Qa5 {[%clk 0:00:51]} 19. Nfe2 {[%clk 0:01:10]} Rfe8
{[%clk 0:00:47]} 20. O-O-O {[%clk 0:01:04]} Bd7 {[%clk 0:00:32]} 21. Kb1
{[%clk 0:00:56]} Ne5 {[%clk 0:00:29]} 22. Rxd6 {[%clk 0:00:54]} Bg4
{[%clk 0:00:29]} 23. Rhd1 {[%clk 0:00:45]} Bf3 {[%clk 0:00:27]} 24. Qh3
{[%clk 0:00:43]} Bg4 {[%clk 0:00:24]} 25. Qh4 {[%clk 0:00:45]} Qc7
{[%clk 0:00:18]} 26. f4 {[%clk 0:00:36]} Bxe2 {[%clk 0:00:10]} 27. Nxe2
{[%clk 0:00:37]} Nf3 {[%clk 0:00:08]} 28. Qh1 {[%clk 0:00:27]} Nd4
{[%clk 0:00:06]} 29. Bxd4 {[%clk 0:00:24]} Qxd6 {[%clk 0:00:06]} 30. Bxg7
{[%clk 0:00:24]} Qe6 {[%clk 0:00:05]} 31. Be5 {[%clk 0:00:22]} Rad8
{[%clk 0:00:06]} 32. Rf1 {[%clk 0:00:18]} Rd2 {[%clk 0:00:06]} 33. Nd4
{[%clk 0:00:18]} Qe7 {[%clk 0:00:05]} 34. Qh6 {[%clk 0:00:17]} Rd8
{[%clk 0:00:06]} 35. Nf3 {[%clk 0:00:08]} Rd1+ {[%clk 0:00:07]} 36. Rxd1
{[%clk 0:00:09]} Rxd1+ 37. Kb2 {[%clk 0:00:11]} Rd7 {[%clk 0:00:08]} 38. Nh4
{[%clk 0:00:07]} Qe6 {[%clk 0:00:08]} 39. Nf3 {[%clk 0:00:05]} Qg4
{[%clk 0:00:09]} 40. Ng5 Qh5 41. Qxh5 0-1

[Event "Russiablitzwomen"]
[Site "?"]
[Date "2016.10.04"]
[Round "9.2"]
[White "Girya, Olga"]
[Black "Charochkina, Daria"]
[Result "0-1"]
[LiveChessVersion "1.4.4"]
[BlackElo "2333"]
[WhiteElo "2360"]

1. d4 {[%clk 0:03:03]} f5 {[%clk 0:03:04]} 2. c4 {[%clk 0:03:04]} Nf6
{[%clk 0:03:05]} 3. Nc3 {[%clk 0:03:05]} e6 {[%clk 0:03:06]} 4. Qc2
{[%clk 0:03:01]} Bb4 {[%clk 0:03:04]} 5. e3 {[%clk 0:03:01]} O-O {[%clk 0:03:04]}
6. Bd3 {[%clk 0:03:01]} b6 {[%clk 0:03:04]} 7. Nge2 {[%clk 0:03:02]} Bb7
{[%clk 0:03:05]} 8. f3 {[%clk 0:03:03]} c5 {[%clk 0:03:05]} 9. a3
{[%clk 0:03:03]} Bxc3+ {[%clk 0:03:05]} 10. bxc3 {[%clk 0:03:01]} Nc6
{[%clk 0:03:06]} 11. O-O {[%clk 0:03:00]} Rc8 {[%clk 0:03:06]} 12. a4
{[%clk 0:02:52]} Na5 {[%clk 0:03:04]} 13. Ba3 {[%clk 0:02:52]} Re8
{[%clk 0:02:57]} 14. Rab1 {[%clk 0:02:50]} cxd4 {[%clk 0:02:56]} 15. cxd4
{[%clk 0:02:48]} Nxc4 {[%clk 0:02:49]} 16. Bxc4 {[%clk 0:02:48]} d5
{[%clk 0:02:49]} 17. a5 {[%clk 0:02:29]} Ba6 {[%clk 0:02:21]} 18. axb6
{[%clk 0:02:22]} axb6 {[%clk 0:02:09]} 19. Bc5 {[%clk 0:01:46]} Bxc4
{[%clk 0:01:55]} 20. Bxb6 {[%clk 0:01:31]} Qd6 {[%clk 0:01:56]} 21. Bc5
{[%clk 0:01:30]} Qa6 {[%clk 0:01:51]} 22. Rf2 {[%clk 0:01:29]} Nd7
{[%clk 0:01:51]} 23. Rc1 {[%clk 0:00:49]} Nxc5 {[%clk 0:01:43]} 24. dxc5
{[%clk 0:00:50]} Rxc5 {[%clk 0:01:45]} 25. Nd4 {[%clk 0:00:50]} Rec8
{[%clk 0:01:43]} 26. Qb2 {[%clk 0:00:24]} Qd6 {[%clk 0:00:54]} 27. f4
{[%clk 0:00:24]} Rb8 {[%clk 0:00:53]} 28. Qc3 {[%clk 0:00:24]} Rcc8
{[%clk 0:00:48]} 29. Rb2 {[%clk 0:00:23]} Rxb2 {[%clk 0:00:37]} 30. Qxb2
{[%clk 0:00:24]} Qc5 {[%clk 0:00:33]} 31. Qd2 {[%clk 0:00:21]} Kf7
{[%clk 0:00:32]} 32. Nf3 {[%clk 0:00:22]} Rc7 {[%clk 0:00:28]} 33. h3
{[%clk 0:00:21]} Qb6 {[%clk 0:00:23]} 34. Ne5+ {[%clk 0:00:18]} Ke7
{[%clk 0:00:24]} 35. Kh2 {[%clk 0:00:15]} Qd6 {[%clk 0:00:20]} 36. Nf3
{[%clk 0:00:12]} h6 {[%clk 0:00:21]} 37. Qd4 {[%clk 0:00:13]} Kf8
{[%clk 0:00:20]} 38. Ne5 {[%clk 0:00:14]} Ba6 {[%clk 0:00:16]} 39. Rb1
{[%clk 0:00:06]} Rb7 {[%clk 0:00:13]} 40. Rc1 {[%clk 0:00:05]} Rc7
{[%clk 0:00:14]} 41. Rb1 Rb7 42. Ra1 {[%clk 0:00:06]} Kg8 {[%clk 0:00:15]} 43.
Rc1 {[%clk 0:00:05]} Rc7 {[%clk 0:00:12]} 44. Ra1 {[%clk 0:00:06]} Kh7
{[%clk 0:00:12]} 45. Nf3 {[%clk 0:00:05]} Be2 {[%clk 0:00:12]} 46. Ne5
{[%clk 0:00:06]} Ba6 {[%clk 0:00:10]} 47. Qa4 {[%clk 0:00:08]} Bc8
{[%clk 0:00:09]} 48. Qe8 {[%clk 0:00:08]} Qe7 {[%clk 0:00:10]} 49. Qg6+
{[%clk 0:00:07]} Kg8 50. Ra8 Qd8 {[%clk 0:00:10]} 51. Qxe6+ {[%clk 0:00:08]} Bxe6
{[%clk 0:00:11]} 52. Rxd8+ {[%clk 0:00:09]} Kh7 {[%clk 0:00:12]} 53. Rd6
{[%clk 0:00:09]} Bg8 {[%clk 0:00:13]} 54. Kg3 {[%clk 0:00:09]} Rc3
{[%clk 0:00:15]} 55. Kf2 {[%clk 0:00:10]} Rc2+ {[%clk 0:00:16]} 56. Kf3
{[%clk 0:00:11]} Rc3 {[%clk 0:00:16]} 57. Nc6 {[%clk 0:00:10]} Bf7
{[%clk 0:00:11]} 58. Nd4 {[%clk 0:00:11]} g6 {[%clk 0:00:10]} 59. Rf6
{[%clk 0:00:11]} Kg7 {[%clk 0:00:10]} 60. Rd6 {[%clk 0:00:12]} Rc1
{[%clk 0:00:10]} 61. g4 {[%clk 0:00:12]} fxg4+ {[%clk 0:00:09]} 62. hxg4
{[%clk 0:00:13]} Rh1 {[%clk 0:00:09]} 63. Kg3 {[%clk 0:00:13]} Rg1+
{[%clk 0:00:10]} 64. Kf3 {[%clk 0:00:14]} Rf1+ {[%clk 0:00:12]} 65. Kg2
{[%clk 0:00:15]} Re1 {[%clk 0:00:12]} 66. Kf2 {[%clk 0:00:16]} Rh1
{[%clk 0:00:14]} 67. Rd7 {[%clk 0:00:16]} Kf6 {[%clk 0:00:12]} 68. g5+
{[%clk 0:00:14]} hxg5 {[%clk 0:00:13]} 69. fxg5+ {[%clk 0:00:15]} Kg7
{[%clk 0:00:14]} 70. Ne6+ {[%clk 0:00:16]} Kg8 {[%clk 0:00:16]} 71. Rd8+
{[%clk 0:00:16]} Kh7 {[%clk 0:00:17]} 72. Rd7 {[%clk 0:00:10]} Kg8
{[%clk 0:00:17]} 73. Nd8 {[%clk 0:00:09]} Be8 {[%clk 0:00:13]} 74. Rxd5
{[%clk 0:00:10]} Rh5 {[%clk 0:00:12]} 75. Kg3 {[%clk 0:00:10]} Rh1
{[%clk 0:00:13]} 76. Kf4 {[%clk 0:00:11]} Rf1+ {[%clk 0:00:14]} 77. Kg3
{[%clk 0:00:11]} Rg1+ 78. Kf2 Rc1 {[%clk 0:00:15]} 79. Ne6 {[%clk 0:00:13]} Rc2+
{[%clk 0:00:16]} 80. Kg3 {[%clk 0:00:13]} Re2 {[%clk 0:00:16]} 81. Kf4
{[%clk 0:00:12]} Rf2+ {[%clk 0:00:17]} 82. Kg4 {[%clk 0:00:07]} Re2
{[%clk 0:00:15]} 83. Rd8 {[%clk 0:00:07]} Kf7 {[%clk 0:00:13]} 84. Kf3 Re1
{[%clk 0:00:10]} 85. Nf4 {[%clk 0:00:05]} Ke7 {[%clk 0:00:09]} 86. Rb8
{[%clk 0:00:05]} Rf1+ {[%clk 0:00:10]} 87. Kg3 {[%clk 0:00:06]} Re1
{[%clk 0:00:12]} 88. Kf2 {[%clk 0:00:08]} Rc1 {[%clk 0:00:13]} 89. Nd5+
{[%clk 0:00:08]} Kf7 {[%clk 0:00:11]} 90. Nf6 {[%clk 0:00:09]} Ba4
{[%clk 0:00:10]} 91. Rb7+ {[%clk 0:00:06]} Ke6 {[%clk 0:00:11]} 92. Rb6+
{[%clk 0:00:07]} Kf5 {[%clk 0:00:12]} 93. Rb4 {[%clk 0:00:05]} Ra1
{[%clk 0:00:08]} 94. Ne4 {[%clk 0:00:05]} Bc6 {[%clk 0:00:07]} 95. Ng3+
{[%clk 0:00:04]} Kxg5 {[%clk 0:00:08]} 96. Ne2 {[%clk 0:00:03]} Ra2
{[%clk 0:00:08]} 97. Rd4 {[%clk 0:00:03]} Kh6 {[%clk 0:00:07]} 98. Rf4
{[%clk 0:00:03]} Bb5 {[%clk 0:00:06]} 99. Rh4+ {[%clk 0:00:04]} Kg5
{[%clk 0:00:07]} 0-1

[Event "Russiablitzwomen"]
[Site "?"]
[Date "2016.10.04"]
[Round "10.10"]
[White "Vasilevich, Irina"]
[Black "Belova, Olga"]
[Result "1-0"]
[LiveChessVersion "1.4.4"]
[BlackElo "2020"]
[WhiteElo "2165"]

1. c4 {[%clk 0:03:03]} c6 {[%clk 0:02:57]} 2. Nf3 {[%clk 0:03:01]} Nf6
{[%clk 0:02:56]} 3. b3 {[%clk 0:03:02]} d5 {[%clk 0:02:56]} 4. Bb2
{[%clk 0:03:03]} e6 {[%clk 0:02:54]} 5. e3 {[%clk 0:03:04]} Be7 {[%clk 0:02:53]}
6. Be2 {[%clk 0:03:05]} O-O {[%clk 0:02:53]} 7. Nc3 {[%clk 0:03:07]} b6
{[%clk 0:02:39]} 8. g4 {[%clk 0:03:07]} c5 {[%clk 0:02:25]} 9. g5
{[%clk 0:03:03]} Ne4 {[%clk 0:02:26]} 10. h4 {[%clk 0:02:54]} Nc6
{[%clk 0:02:10]} 11. Nxe4 {[%clk 0:02:36]} dxe4 {[%clk 0:02:11]} 12. Nh2
{[%clk 0:02:37]} f6 {[%clk 0:02:01]} 13. Qc2 {[%clk 0:02:26]} Bb7
{[%clk 0:01:55]} 14. Qxe4 {[%clk 0:02:17]} e5 {[%clk 0:01:38]} 15. gxf6
{[%clk 0:02:06]} Bxf6 {[%clk 0:01:22]} 16. Bd3 {[%clk 0:01:49]} g6
{[%clk 0:01:23]} 17. Rg1 {[%clk 0:01:50]} Nb4 {[%clk 0:01:23]} 18. Rxg6+
{[%clk 0:01:50]} hxg6 {[%clk 0:01:23]} 19. Qxg6+ {[%clk 0:01:51]} Bg7
{[%clk 0:01:24]} 20. Qh7+ {[%clk 0:01:47]} Kf7 {[%clk 0:01:25]} 21. Bg6+
{[%clk 0:01:42]} Ke6 {[%clk 0:00:22]} 22. Qxg7 {[%clk 0:01:42]} Qf6
{[%clk 0:00:23]} 23. Qxf6+ {[%clk 0:01:03]} Rxf6 {[%clk 0:00:24]} 24. h5
{[%clk 0:01:04]} Rxg6 {[%clk 0:00:10]} 25. hxg6 {[%clk 0:01:05]} Nc2+
{[%clk 0:00:08]} 26. Ke2 {[%clk 0:01:02]} Nxa1 {[%clk 0:00:09]} 27. Bxa1
{[%clk 0:01:03]} Rg8 {[%clk 0:00:08]} 28. Ng4 {[%clk 0:01:00]} Rxg6
{[%clk 0:00:04]} 29. Nxe5 {[%clk 0:00:59]} Rg2 {[%clk 0:00:03]} 30. Nd3
{[%clk 0:00:54]} a6 {[%clk 0:00:05]} 31. Nf4+ {[%clk 0:00:55]} Kf5
{[%clk 0:00:06]} 32. Nxg2 {[%clk 0:00:55]} Bxg2 {[%clk 0:00:07]} 33. f3
{[%clk 0:00:44]} Bh3 {[%clk 0:00:07]} 34. a3 {[%clk 0:00:30]} Kg5
{[%clk 0:00:04]} 35. b4 {[%clk 0:00:28]} Kf5 {[%clk 0:00:04]} 36. bxc5
{[%clk 0:00:28]} bxc5 {[%clk 0:00:06]} 37. Bc3 {[%clk 0:00:29]} Ke6
{[%clk 0:00:07]} 38. e4 {[%clk 0:00:23]} Bg2 {[%clk 0:00:07]} 39. Ke3
{[%clk 0:00:23]} Bf1 {[%clk 0:00:08]} 40. d3 {[%clk 0:00:25]} Bh3 41. Ba5 Bf1
{[%clk 0:00:04]} 42. f4 {[%clk 0:00:25]} Kd5 1-0

[Event "Russiablitzwomen"]
[Site "?"]
[Date "2016.10.04"]
[Round "10.14"]
[White "Vyrtosu, Natalia"]
[Black "Abramova, Yulia"]
[Result "1-0"]
[LiveChessVersion "1.4.4"]
[BlackElo "2001"]
[WhiteElo "1566"]

1. Nf3 {[%clk 0:03:02]} Nf6 {[%clk 0:03:03]} 2. g3 {[%clk 0:03:02]} d5
{[%clk 0:03:04]} 3. Bg2 {[%clk 0:03:02]} e6 {[%clk 0:03:00]} 4. d3
{[%clk 0:02:59]} Be7 {[%clk 0:03:00]} 5. Nbd2 {[%clk 0:02:58]} c5
{[%clk 0:02:54]} 6. O-O {[%clk 0:02:49]} Nc6 {[%clk 0:02:55]} 7. e4
{[%clk 0:02:32]} d4 {[%clk 0:02:34]} 8. Ne1 {[%clk 0:02:16]} e5 {[%clk 0:02:34]}
9. f4 {[%clk 0:02:02]} exf4 {[%clk 0:02:31]} 10. gxf4 {[%clk 0:02:00]} Bg4
{[%clk 0:02:31]} 11. Nef3 {[%clk 0:01:52]} Qd7 {[%clk 0:02:25]} 12. Nc4
{[%clk 0:01:27]} b5 {[%clk 0:01:54]} 13. Ncd2 {[%clk 0:01:02]} O-O
{[%clk 0:01:36]} 14. a4 {[%clk 0:01:02]} a6 {[%clk 0:01:36]} 15. axb5
{[%clk 0:01:01]} axb5 {[%clk 0:01:37]} 16. Rxa8 {[%clk 0:01:00]} Rxa8
{[%clk 0:01:39]} 17. b3 {[%clk 0:00:54]} Ra1 {[%clk 0:01:32]} 18. Qe2
{[%clk 0:00:53]} Ra2 {[%clk 0:01:30]} 19. Qd1 {[%clk 0:00:42]} Nb4
{[%clk 0:01:29]} 20. h3 {[%clk 0:00:17]} Bh5 {[%clk 0:01:23]} 21. Ne5
{[%clk 0:00:09]} Bxd1 {[%clk 0:01:20]} 22. Nxd7 {[%clk 0:00:09]} Nxd7
{[%clk 0:01:20]} 23. Rxd1 {[%clk 0:00:10]} Nxc2 {[%clk 0:01:21]} 24. Nf3
{[%clk 0:00:08]} Ra1 {[%clk 0:01:17]} 25. Ne1 {[%clk 0:00:05]} Ne3
{[%clk 0:01:16]} 26. Bxe3 {[%clk 0:00:04]} Rxd1 {[%clk 0:01:17]} 27. Bf2
{[%clk 0:00:05]} c4 {[%clk 0:01:15]} 28. bxc4 {[%clk 0:00:05]} bxc4
{[%clk 0:01:16]} 29. dxc4 {[%clk 0:00:05]} d3 {[%clk 0:01:17]} 30. Kh2
{[%clk 0:00:05]} Rd2 {[%clk 0:01:17]} 31. Kg3 {[%clk 0:00:05]} Bh4+
{[%clk 0:01:14]} 32. Kxh4 {[%clk 0:00:04]} Rxf2 {[%clk 0:01:15]} 33. Kg3
{[%clk 0:00:05]} d2 {[%clk 0:01:15]} 34. Kxf2 {[%clk 0:00:04]} d1=Q
{[%clk 0:01:16]} 35. Nf3 {[%clk 0:00:04]} Nc5 {[%clk 0:01:16]} 36. e5
{[%clk 0:00:05]} Ne4+ {[%clk 0:01:16]} 37. Ke3 {[%clk 0:00:05]} Nc3
{[%clk 0:01:15]} 38. c5 {[%clk 0:00:05]} Qc1+ {[%clk 0:01:11]} 39. Kf2
{[%clk 0:00:06]} Ne4+ {[%clk 0:01:11]} 40. Ke2 {[%clk 0:00:06]} Qxc5
{[%clk 0:01:11]} 41. Nd2 {[%clk 0:00:06]} Qf2+ {[%clk 0:01:12]} 42. Kd3
{[%clk 0:00:07]} Qxd2+ {[%clk 0:01:11]} 43. Kxe4 {[%clk 0:00:07]} Qxg2+
{[%clk 0:01:12]} 44. Kd5 {[%clk 0:00:07]} 1-0

[Event "Russiablitzwomen"]
[Site "?"]
[Date "2016.10.04"]
[Round "11.1"]
[White "Charochkina, Daria"]
[Black "Tomilova, Elena"]
[Result "1/2-1/2"]
[LiveChessVersion "1.4.4"]
[BlackElo "2223"]
[WhiteElo "2333"]

1. d4 {[%clk 0:03:03]} Nf6 {[%clk 0:03:03]} 2. c4 {[%clk 0:03:04]} b6
{[%clk 0:03:05]} 3. Nc3 {[%clk 0:03:04]} Bb7 {[%clk 0:03:06]} 4. Bg5
{[%clk 0:03:04]} h6 {[%clk 0:03:03]} 5. Bxf6 {[%clk 0:03:04]} exf6
{[%clk 0:03:04]} 6. e3 {[%clk 0:03:05]} Bb4 {[%clk 0:02:37]} 7. Nf3
{[%clk 0:03:05]} O-O {[%clk 0:02:25]} 8. Rc1 {[%clk 0:03:06]} f5 {[%clk 0:01:51]}
9. Bd3 {[%clk 0:03:02]} Be4 {[%clk 0:01:50]} 10. O-O {[%clk 0:03:01]} Bxc3
{[%clk 0:01:48]} 11. Rxc3 {[%clk 0:02:57]} Re8 {[%clk 0:01:40]} 12. d5
{[%clk 0:02:55]} Na6 {[%clk 0:01:34]} 13. Nd4 {[%clk 0:02:45]} Nc5
{[%clk 0:01:24]} 14. Be2 {[%clk 0:02:36]} f4 {[%clk 0:01:13]} 15. exf4
{[%clk 0:02:36]} Qf6 {[%clk 0:01:08]} 16. f5 {[%clk 0:01:54]} c6 {[%clk 0:00:58]}
17. Bf3 {[%clk 0:01:24]} Rad8 {[%clk 0:00:34]} 18. b4 {[%clk 0:01:19]} Na6
{[%clk 0:00:31]} 19. a3 {[%clk 0:01:20]} Nc7 {[%clk 0:00:29]} 20. Re3
{[%clk 0:01:05]} cxd5 {[%clk 0:00:28]} 21. c5 {[%clk 0:01:07]} bxc5
{[%clk 0:00:25]} 22. bxc5 {[%clk 0:01:08]} Bxf5 {[%clk 0:00:22]} 23. Rfe1
{[%clk 0:01:01]} Ne6 {[%clk 0:00:14]} 24. Nxf5 Qxf5 {[%clk 0:00:15]} 25. Bxd5
{[%clk 0:00:57]} Rc8 {[%clk 0:00:15]} 26. Re5 {[%clk 0:00:55]} Qf6
{[%clk 0:00:14]} 27. Ba2 {[%clk 0:00:53]} Red8 {[%clk 0:00:12]} 28. h3
{[%clk 0:00:53]} Rxc5 {[%clk 0:00:09]} 29. Rxc5 Nxc5 {[%clk 0:00:11]} 30. Qc2
{[%clk 0:00:21]} Ne6 {[%clk 0:00:09]} 31. Bb1 {[%clk 0:00:22]} g6
{[%clk 0:00:11]} 32. Qa4 {[%clk 0:00:23]} Nf4 {[%clk 0:00:06]} 33. Qe4
{[%clk 0:00:21]} d5 {[%clk 0:00:06]} 34. Qf3 {[%clk 0:00:22]} Qg5
{[%clk 0:00:06]} 35. h4 {[%clk 0:00:21]} Qf6 {[%clk 0:00:06]} 36. Kf1
{[%clk 0:00:18]} d4 {[%clk 0:00:04]} 37. g3 {[%clk 0:00:14]} Nd5 {[%clk 0:00:05]}
38. Qe4 {[%clk 0:00:14]} Nc3 {[%clk 0:00:06]} 39. Qd3 {[%clk 0:00:14]} Nxb1
{[%clk 0:00:06]} 40. Rxb1 {[%clk 0:00:15]} Qd6 {[%clk 0:00:07]} 41. Re1
{[%clk 0:00:16]} Qd5 {[%clk 0:00:08]} 42. Kg1 {[%clk 0:00:15]} Qc5
{[%clk 0:00:09]} 43. Re4 {[%clk 0:00:14]} Qc3 {[%clk 0:00:09]} 44. Qxc3
{[%clk 0:00:11]} dxc3 {[%clk 0:00:11]} 45. Rc4 {[%clk 0:00:13]} Rd1+
{[%clk 0:00:12]} 46. Kg2 {[%clk 0:00:14]} Rc1 {[%clk 0:00:13]} 47. Rc8+ Kg7
{[%clk 0:00:14]} 48. Rc7 {[%clk 0:00:15]} a5 {[%clk 0:00:16]} 49. a4
{[%clk 0:00:16]} c2 {[%clk 0:00:17]} 50. Kh2 {[%clk 0:00:16]} Kf6
{[%clk 0:00:18]} 51. f4 {[%clk 0:00:17]} h5 {[%clk 0:00:18]} 52. Rc5
{[%clk 0:00:18]} Ke7 {[%clk 0:00:18]} 53. Kg2 {[%clk 0:00:18]} Kd6
{[%clk 0:00:19]} 54. Rc8 {[%clk 0:00:19]} Kd7 {[%clk 0:00:19]} 55. Rc5 Kd6 56.
Rc8 {[%clk 0:00:21]} Ra1 {[%clk 0:00:18]} 57. Rxc2 {[%clk 0:00:21]} Rxa4
{[%clk 0:00:20]} 58. Rc8 {[%clk 0:00:19]} Ke6 {[%clk 0:00:20]} 59. Rc6+
{[%clk 0:00:20]} Kf5 {[%clk 0:00:20]} 60. Rc5+ {[%clk 0:00:21]} Ke6
{[%clk 0:00:21]} 61. Rc6+ {[%clk 0:00:22]} Ke7 {[%clk 0:00:22]} 62. Rc7+
{[%clk 0:00:24]} Kf6 63. Rc6+ Kg7 {[%clk 0:00:25]} 64. Rc7 {[%clk 0:00:27]} Ra2+
{[%clk 0:00:26]} 65. Kf3 {[%clk 0:00:28]} a4 {[%clk 0:00:27]} 66. Ra7
{[%clk 0:00:30]} Ra1 {[%clk 0:00:28]} 67. Ke4 {[%clk 0:00:29]} a3
{[%clk 0:00:28]} 68. Kf3 {[%clk 0:00:28]} Kf6 {[%clk 0:00:26]} 69. Ra5
{[%clk 0:00:29]} a2 {[%clk 0:00:18]} 70. Ra6+ {[%clk 0:00:30]} Ke7
{[%clk 0:00:18]} 71. Kg2 {[%clk 0:00:30]} Kd7 {[%clk 0:00:19]} 72. Ra7+
{[%clk 0:00:28]} Kc6 {[%clk 0:00:19]} 73. Ra8 {[%clk 0:00:28]} f5
{[%clk 0:00:18]} 74. Ra7 {[%clk 0:00:29]} Kb5 {[%clk 0:00:18]} 75. Rb7+
{[%clk 0:00:30]} Kc5 {[%clk 0:00:19]} 76. Ra7 {[%clk 0:00:31]} Kb6
{[%clk 0:00:19]} 77. Ra8 {[%clk 0:00:32]} Kc5 {[%clk 0:00:19]} 78. Rc8+
{[%clk 0:00:33]} Kd4 {[%clk 0:00:20]} 79. Rd8+ {[%clk 0:00:34]} Kc4
{[%clk 0:00:20]} 80. Rc8+ {[%clk 0:00:36]} Kd4 {[%clk 0:00:21]} 81. Rd8+
{[%clk 0:00:37]} Ke5 {[%clk 0:00:14]} 1/2-1/2

[Event "Russiablitzwomen"]
[Site "?"]
[Date "2016.10.04"]
[Round "11.13"]
[White "Berdychevskaya, Natasha"]
[Black "Abramova, Yulia"]
[Result "1-0"]
[LiveChessVersion "1.4.4"]
[BlackElo "2001"]
[WhiteElo "2200"]

1. e4 {[%clk 0:03:04]} c5 {[%clk 0:03:02]} 2. Nf3 {[%clk 0:03:05]} Nc6
{[%clk 0:03:03]} 3. d4 {[%clk 0:03:07]} cxd4 {[%clk 0:03:04]} 4. Nxd4
{[%clk 0:03:08]} Nf6 {[%clk 0:03:05]} 5. Nc3 {[%clk 0:03:09]} e6 {[%clk 0:03:06]}
6. Be2 {[%clk 0:03:08]} Bb4 {[%clk 0:03:04]} 7. f3 {[%clk 0:02:38]} d5
{[%clk 0:02:45]} 8. exd5 {[%clk 0:01:48]} Nxd5 {[%clk 0:02:42]} 9. Nxc6
{[%clk 0:01:28]} bxc6 {[%clk 0:02:41]} 10. Bd2 {[%clk 0:01:16]} Qb6
{[%clk 0:02:21]} 11. Nxd5 {[%clk 0:01:03]} Bxd2+ {[%clk 0:02:20]} 12. Qxd2
{[%clk 0:01:02]} cxd5 {[%clk 0:02:20]} 13. O-O-O {[%clk 0:00:52]} O-O
{[%clk 0:02:14]} 14. Qd4 {[%clk 0:00:51]} Qa5 {[%clk 0:01:59]} 15. Kb1
{[%clk 0:00:51]} Rb8 {[%clk 0:01:59]} 16. Bd3 {[%clk 0:00:51]} Bd7
{[%clk 0:01:33]} 17. Rhe1 {[%clk 0:00:52]} Rb4 {[%clk 0:01:24]} 18. Qe5
{[%clk 0:00:29]} Rfb8 {[%clk 0:01:17]} 19. b3 {[%clk 0:00:30]} f6
{[%clk 0:00:53]} 20. Qb2 {[%clk 0:00:30]} e5 {[%clk 0:00:53]} 21. Bf1
{[%clk 0:00:27]} Bf5 {[%clk 0:00:44]} 22. Bd3 {[%clk 0:00:22]} Be6
{[%clk 0:00:35]} 23. a3 {[%clk 0:00:17]} R4b7 {[%clk 0:00:34]} 24. f4
{[%clk 0:00:14]} e4 {[%clk 0:00:33]} 25. Be2 {[%clk 0:00:15]} Qc7
{[%clk 0:00:31]} 26. Rd4 {[%clk 0:00:14]} Qxf4 {[%clk 0:00:30]} 27. h3
{[%clk 0:00:10]} Qf2 {[%clk 0:00:30]} 28. Rdd1 {[%clk 0:00:10]} a5
{[%clk 0:00:26]} 29. Bf1 {[%clk 0:00:10]} a4 {[%clk 0:00:24]} 30. b4
{[%clk 0:00:11]} Qf4 {[%clk 0:00:19]} 31. Qd4 {[%clk 0:00:11]} Qc7
{[%clk 0:00:17]} 32. Ba6 {[%clk 0:00:11]} Rb6 {[%clk 0:00:16]} 33. Bf1
{[%clk 0:00:12]} Qe7 {[%clk 0:00:13]} 34. c3 {[%clk 0:00:11]} f5 {[%clk 0:00:13]}
35. Rd2 {[%clk 0:00:10]} Rc6 {[%clk 0:00:14]} 36. Re3 {[%clk 0:00:10]} f4
{[%clk 0:00:14]} 37. Re1 {[%clk 0:00:10]} Rbc8 {[%clk 0:00:15]} 38. Rc1
{[%clk 0:00:12]} e3 {[%clk 0:00:14]} 39. Rdd1 {[%clk 0:00:11]} Bf5+
{[%clk 0:00:14]} 40. Kb2 {[%clk 0:00:12]} Be4 {[%clk 0:00:14]} 41. g3
{[%clk 0:00:11]} g5 {[%clk 0:00:14]} 42. gxf4 {[%clk 0:00:12]} gxf4
{[%clk 0:00:15]} 43. Bb5 {[%clk 0:00:11]} Rg6 {[%clk 0:00:16]} 44. Rg1
{[%clk 0:00:12]} Rb8 {[%clk 0:00:10]} 45. Be2 {[%clk 0:00:12]} Rbb6
{[%clk 0:00:11]} 46. Rxg6+ {[%clk 0:00:11]} Rxg6 {[%clk 0:00:11]} 47. Bd3
{[%clk 0:00:12]} Rg2+ {[%clk 0:00:11]} 48. Kb1 {[%clk 0:00:13]} e2
{[%clk 0:00:11]} 49. Re1 {[%clk 0:00:09]} Bxd3+ {[%clk 0:00:11]} 50. Qxd3
{[%clk 0:00:07]} Qe4 {[%clk 0:00:13]} 51. Kc2 {[%clk 0:00:06]} f3
{[%clk 0:00:12]} 52. Kd2 {[%clk 0:00:03]} Qxd3+ 53. Kxd3 {[%clk 0:00:04]} f2
{[%clk 0:00:13]} 54. Rxe2 {[%clk 0:00:05]} f1=Q {[%clk 0:00:13]} 1-0